Bezeichnungen für das Ende eines Brotes - Statistiken

Allgemein
  • Dieses Quiz wurde 27 mal gespielt
  • Das Durchschnittsergebnis liegt bei 3 aus 26
Antwortstatistiken
Antwort % Korrekt
Knust/Knus/Knüstchen
73%
Kanten/Kante
50%
Brotendstück/Brotende
42%
Kruste
31%
Rand
27%
Knapp/Knäppchen
23%
Knorz/Knörzel
12%
Kniest/Knaust
8%
Knüppchen/Küppchen
8%
Scherzl/Scherzerl
8%
Anschnitt/Abschnitt
4%
Hintern
4%
Knetzle/Knetzla
4%
Krüstchen
4%
Ranft/Ränftl
4%
Riebe/Riebele
4%
Bugl/Buckel
0%
Feeze/Fietze
0%
Giggel
0%
Knäusle/Knüssle
0%
Köppla
0%
Küppel
0%
Kürschtje
0%
Mürggel
0%
Rindl/Rumpftl
0%
Schaukelbemme
0%
Keine übereinstimmenden Quizze gefunden
Verteilung der Resultate
Anzahl Personen mit jedem Resultat
Perzentil nach korrekt beantworteten Fragen
Ihre Resultats-Entwicklung
Sie haben dieses Quiz noch nicht gespielt